00664nam a2200181Ia 4500952016700000999001700167003000400184005001700188008004100205020001800246040000900264082002200273100002800295245006000323260004000383300000900423942005000432 00102ddc40708SOCIAL SCIENCEaMESbMEScSOCIAL SCIENCEd2019-02-20g575.00l1o305.420954 BAN/Rp30851r2019-12-30 00:00:00s2019-12-16w2019-02-20yBKzGL50R5 c21142d21142OSt20200615103630.0190216s9999||||xx |||||||||||||| ||und|| a9788189161552 coclc a305.420954bBAN/R aBanerjee, Shruti 92870 0aRole Of Women In Development Sector /c Shruti Banerjee bAdhyayan Publishers,aDelhi:c2005. a297p cBK2ddch305.420954iBAN/Rk305.420954mBAN/R